| 000 | 00709nam a22001935i 4500 | ||
|---|---|---|---|
| 001 | 169002 | ||
| 003 | ES-MaACL | ||
| 005 | 20230906213947.0 | ||
| 008 | 080722s1890 fr |||| | fre d | ||
| 080 | _a782.089.6 | ||
| 100 | 1 |
_aMessager, André. _9137967 |
|
| 240 | 1 | 3 |
_aLa basoche. _hPartitura de coro |
| 245 | 1 | 3 |
_aLa basoche [ _hmúsica impresa] _b: opéra comique en trois actes / _cde Albert Carré ; musique de André Messager. |
| 260 |
_aParis : _bChoudens Fils, _c[1890] |
||
| 300 |
_a1 partitura de coro (183 p.) ; _c18 cm. |
||
| 650 | 4 |
_aÓperas- _xPartituras de coro. _9137579 |
|
| 700 | 1 |
_aCarré, Albert. _935593 |
|
| 852 | 4 |
_aES-MaACL _jE-12102 _9R.140000 _zBiblioteca Jacinto Martínez Lacalle |
|
| 999 |
_c169002 _d169002 |
||